Ergodic theorems /

Guardado en:
Autor Principal: Krengel, Ulrich, 1937-
Otros Autores: Brunel, Antoine.
Formato: Libro
Idioma:English
Publicado: Berlin ; New York : W. de Gruyter, 1985.
Series:De Gruyter studies in mathematics ; 6
Materias:
Etiquetas: Agregar Etiqueta
Sin Etiquetas, Sea el primero en etiquetar este registro!
LEADER 00769pam a2200241 a 4500
001 MAT.inmabb003675
008 850228s1985####gw#######b####001#0#eng##
005 20130221155141.0
245 1 0 |a Ergodic theorems /  |c Ulrich Krengel ; with a supplement by Antoine Brunel. 
260 |a Berlin ;  |a New York :  |b W. de Gruyter,  |c 1985. 
300 |a viii, 357 p. ;  |c 25 cm. 
440 0 |a De Gruyter studies in mathematics ;  |v 6 
504 |a Bibliografía: p. [321]-346. 
510 4 |a MR,  |c 87i:28001 
020 |a 0899250246 
020 |a 3110084783 
100 1 |a Krengel, Ulrich,  |d 1937- 
700 1 |a Brunel, Antoine. 
650 0 |a Ergodic theory. 
084 |a 28-02 (28Dxx 47A35)  |2 msc2000 
010 |a  85004457  
040 |a DLC  |c DLC  |d DLC 
859 |h 28  |i K92  |p A-7408  |b BIB. MATEMATICA